<?xml version="1.0" encoding="UTF-8"?>
<record
    xmlns:xsi="http://www.w3.org/2001/XMLSchema-instance"
    xsi:schemaLocation="http://www.loc.gov/MARC21/slim http://www.loc.gov/standards/marcxml/schema/MARC21slim.xsd"
    xmlns="http://www.loc.gov/MARC21/slim">

  <leader>01485cam a2200313 a 4500</leader>
  <controlfield tag="001">2548261</controlfield>
  <controlfield tag="003">OSt</controlfield>
  <controlfield tag="005">20230720115048.0</controlfield>
  <controlfield tag="008">940407s1993    enka          001 0beng d</controlfield>
  <datafield tag="010" ind1=" " ind2=" ">
    <subfield code="a">   94142351 </subfield>
  </datafield>
  <datafield tag="015" ind1=" " ind2=" ">
    <subfield code="a">GB93-56533</subfield>
  </datafield>
  <datafield tag="020" ind1=" " ind2=" ">
    <subfield code="a">0091745942</subfield>
    <subfield code="c">&#xA3;25.00</subfield>
  </datafield>
  <datafield tag="035" ind1=" " ind2=" ">
    <subfield code="a">(OCoLC)29472265</subfield>
  </datafield>
  <datafield tag="040" ind1=" " ind2=" ">
    <subfield code="a">Uk</subfield>
    <subfield code="c">Uk</subfield>
    <subfield code="d">DLC</subfield>
  </datafield>
  <datafield tag="042" ind1=" " ind2=" ">
    <subfield code="a">lccopycat</subfield>
  </datafield>
  <datafield tag="050" ind1="0" ind2="0">
    <subfield code="a">KD632.D46.F74 </subfield>
  </datafield>
  <datafield tag="082" ind1="0" ind2="4">
    <subfield code="a">347.72/014</subfield>
    <subfield code="a">B</subfield>
    <subfield code="a">344.20714</subfield>
    <subfield code="a">B</subfield>
  </datafield>
  <datafield tag="100" ind1="1" ind2=" ">
    <subfield code="a">Freeman, Iris</subfield>
    <subfield code="9">2133</subfield>
  </datafield>
  <datafield tag="245" ind1="1" ind2="0">
    <subfield code="a">Lord Denning : a life. /</subfield>
    <subfield code="c">Iris Freeman.</subfield>
  </datafield>
  <datafield tag="260" ind1=" " ind2=" ">
    <subfield code="a">London :</subfield>
    <subfield code="b">Hutchinson,</subfield>
    <subfield code="c">1993.</subfield>
  </datafield>
  <datafield tag="300" ind1=" " ind2=" ">
    <subfield code="a">ix, 449 p. :</subfield>
    <subfield code="b">ill. ;</subfield>
    <subfield code="c">25 cm.</subfield>
  </datafield>
  <datafield tag="500" ind1=" " ind2=" ">
    <subfield code="a">Includes index.</subfield>
  </datafield>
  <datafield tag="505" ind1=" " ind2=" ">
    <subfield code="a">Contents: A Whithurch childhood -- Schooldays -- The First World War -- Freshman and subaltern -- Oxford -- Lincoln's Inn -- Mary -- The Silken gown -- The Second World War -- Joan -- King's Bench -- Court of Appeal -- Candler, Christianity and the Cheshire Homes -- The House of Lords -- Ambassador at Large -- Master of rolls -- Profumo -- A Portia man -- The streams of English justice -- Justice and policy. The watershed -- No retiring age -- The judge on the Clapham Omnibus -- What next in the law?</subfield>
  </datafield>
  <datafield tag="600" ind1="1" ind2="0">
    <subfield code="a">Denning, Alfred Thompson Denning,</subfield>
    <subfield code="c">Baron,</subfield>
    <subfield code="d">1899-1999.</subfield>
    <subfield code="9">2134</subfield>
  </datafield>
  <datafield tag="650" ind1=" " ind2="0">
    <subfield code="a">Judges</subfield>
    <subfield code="z">Great Britain</subfield>
    <subfield code="v">Biography.</subfield>
    <subfield code="9">2135</subfield>
  </datafield>
  <datafield tag="906" ind1=" " ind2=" ">
    <subfield code="a">7</subfield>
    <subfield code="b">cbc</subfield>
    <subfield code="c">copycat</subfield>
    <subfield code="d">2</subfield>
    <subfield code="e">ncip</subfield>
    <subfield code="f">19</subfield>
    <subfield code="g">y-gencatlg</subfield>
  </datafield>
  <datafield tag="942" ind1=" " ind2=" ">
    <subfield code="2">lcc</subfield>
    <subfield code="c">BK</subfield>
  </datafield>
  <datafield tag="999" ind1=" " ind2=" ">
    <subfield code="c">9945</subfield>
    <subfield code="d">17445</subfield>
  </datafield>
  <datafield tag="952" ind1=" " ind2=" ">
    <subfield code="0">0</subfield>
    <subfield code="1">0</subfield>
    <subfield code="2">lcc</subfield>
    <subfield code="4">0</subfield>
    <subfield code="7">0</subfield>
    <subfield code="a">WIUC-KL</subfield>
    <subfield code="b">WIUC-KL</subfield>
    <subfield code="d">2023-07-20</subfield>
    <subfield code="l">0</subfield>
    <subfield code="o">KD632.D46.F74 </subfield>
    <subfield code="p">KSL/2507/709/23</subfield>
    <subfield code="r">2023-07-20 00:00:00</subfield>
    <subfield code="w">2023-07-20</subfield>
    <subfield code="y">BK</subfield>
  </datafield>
</record>
